Twenty-first century psychotherapies : Contemporary approaches to theory and practice
wenty-First Century Psychotherapies offers a remarkably comprehensive, up-to-date, and scholarly examination of the dominant approaches to therapy. Written by leading and articulate experts in each intervention model, this book draws together the most forward-thinking perspectives in individual, gro...
Enregistré dans:
| Format: | Livre |
|---|---|
| Langue: | Undetermined |
| Publié: |
New Jersey
John Wiley & Sons
2008
|
| Sujets: | |
| Tags: |
Ajouter un tag
Pas de tags, Soyez le premier à ajouter un tag!
|
| Thư viện lưu trữ: | Trung tâm Học liệu Trường Đại học Cần Thơ |
|---|
| LEADER | 01095nam a2200205Ia 4500 | ||
|---|---|---|---|
| 001 | CTU_164311 | ||
| 008 | 210402s9999 xx 000 0 und d | ||
| 020 | |c 98.13 | ||
| 082 | |a 616.8914 | ||
| 082 | |b T971 | ||
| 245 | 0 | |a Twenty-first century psychotherapies : | |
| 245 | 0 | |b Contemporary approaches to theory and practice | |
| 245 | 0 | |c Edited by Jay L. Lebow | |
| 260 | |a New Jersey | ||
| 260 | |b John Wiley & Sons | ||
| 260 | |c 2008 | ||
| 520 | |a wenty-First Century Psychotherapies offers a remarkably comprehensive, up-to-date, and scholarly examination of the dominant approaches to therapy. Written by leading and articulate experts in each intervention model, this book draws together the most forward-thinking perspectives in individual, group, and couples/family therapy. This will be a treasured reference to novice and experienced clinicians alike, and I expect it to be a much-consulted companion to professionals for many years to come. | ||
| 650 | |a Psychotherapy,Tâm lý trị liệu | ||
| 904 | |i Bạch Trúc | ||
| 980 | |a Trung tâm Học liệu Trường Đại học Cần Thơ | ||